Adivina las canciones de los álbumes de Milo J - Estadísticas

Estadísticas generales
  • Esta prueba ha sido intentada 902 veces
    196 desde el último reinicio
  • La puntuación promedio es 38 de 55
Estadísticas de respuestas
Temas 511 % Correcto
Bizarrap Fruto
87%
Bizarrap Toy en el Mic
85%
. 3 Pecados Despues
84%
. M.A.I
84%
Bizarrap Penas de Antaño
84%
Peso Pluma Una Bala
84%
Bizarrap No soy Eterno
81%
. Daña (Elvira)
78%
Trueno Gil
78%
Morad La Tola y El Velero
78%
. Niño
77%
AKRIILA Llora Llora
76%
Munic HB NO NO
74%
. Olimpo
74%
. Retirada
74%
Yami Sfadie Carencias de Cordura
73%
. Paraiso(daña)
73%
. DOM1NGO
72%
. La Vida Era Más Corta
72%
Soledad Lucia
72%
Radamel Radamel
72%
. A1RE
71%
. A Vos
71%
. FLA
71%
Silvio Rodríguez Luciérnagas
71%
. Ni Carlos Ni Jose
71%
. No Hago Trap
71%
. Bajo De La Piel
70%
Paula Prieto MmmM
70%
Mercedes Sosa Jangadero
69%
Cerounno La Tortura
69%
. Antes de los 20
68%
Keloke, CRTrap Digan
68%
. Alioli
67%
Nicki Nicole Alumbre
67%
. I´Am
67%
Tini Lo Que Me Causa
67%
. Tu Manta
67%
. AL BORDE
66%
Cuti & Roberto Carbajal El Invisible
66%
. Ama De Mi Sol
65%
. Solifican12
65%
. TOI HECHO
63%
. 511 (INTERLUDIO)
62%
. Cuando El Agua Hirviendo
62%
. Hippie
62%
. Recordé
61%
Bizarrap Vol. #57
61%
. Sangre Para Derramar
60%
Yaritza y Su Esencia Te Fui A Seguir
60%
. Deseo Perder
59%
. Ojala
58%
. Sincera Te
58%
. buen dia portación de rostro
57%
. NO MUCHO
52%
No se encontraron pruebas coincidentes
Distribución de puntuación
Porcentaje de gente con cada puntuación
Porcentaje por número respondido
Historial de tus puntuaciones
No has intentado esta prueba desde el último reinicio